Handbook of algorithms and data structures

Sparad:
Bibliografiska uppgifter
Huvudupphovsman: Gonnet, Gastón H (Författare, medförfattare)
Materialtyp: Bok
Språk:engelska
Publicerad: Londres Addison-Wesley 1984
Serie:International Computer Science Series
Ämnen:
Taggar: Lägg till en tagg
Inga taggar, Lägg till första taggen!

MARC

LEADER 00000nam a2200000 a 4500
001 UCQ8566
003 CL-VaPUC
008 981210e19840000UK |||||||||||||||||eng|d
082 0 4 |a 511.8  |b GON  |2 21 
100 |a Gonnet, Gastón H  |e author  |9 335436 
245 1 0 |a Handbook of algorithms and data structures 
300 |a 286 p 
942 |c BK 
945 |d 19981210 00:00:00  |a cmena 
260 |a Londres  |b Addison-Wesley  |c 1984 
650 0 |a Algoritmos   |9 260639 
650 0 |a Estructuras de datos (Informática)  |9 260607 
650 0 |a Matemática aplicada   |9 260236 
650 0 |a Aplicaciones de computadores  |9 260401 
650 0 |a Programación de computadores   |9 259531 
650 7 |a DIAGRAMAS DE OPERACIONES  |2 CL-VaPUC  |9 359201 
650 7 |a TEORIA LOGICA  |2 CL-VaPUC  |9 371154 
583 |a last modification  |c 19981210 00:00:00  |k Rodrigo Vera 
490 0 |a International Computer Science Series 
999 |c 277786  |d 277784 
952 |0 0  |1 0  |4 0  |6 511_800000000000000_GON_1984  |7 0  |8 A  |9 315989  |a BIBMAT  |b BIBMAT  |d 2019-11-20  |i 1306960  |o 511.8 GON 1984  |p 1306960  |r 2025-01-07  |w 2019-11-20  |y BK  |k MAT